000 06723nam a22006977a 4500
005 20101216115930.0
010 _aB-419663-701
020 _a9788131727904
_c499.00
035 _aB-419663-701
037 _bRP
037 _bUBH
082 _a000
100 _aThorpe, Edgar
_924859
245 _aThe Pearson General Knowledge Manual 2010 /
_cby Edgar Thorpe & Showick Thorpe
260 _aNew Delhi
_bPearson Education
_c2010
270 _a14 Local Shopping Centre Panchsheel Park
_bNew Delhi
_e110017
300 _aVarious pagings
_c25cm(pbk)
700 _aThorpe, Showick
_924858
942 _2ddc
_cEN
_h000
_mTHO
999 _c34470
_d34470